header

Retailing (Record no. 253218)

MARC details
000 -LEADER
fixed length control field 00482nam a22001937a 4500
003 - CONTROL NUMBER IDENTIFIER
control field OSt
005 - DATE AND TIME OF LATEST TRANSACTION
control field 20160429133502.0
008 - FIXED-LENGTH DATA ELEMENTS--GENERAL INFORMATION
fixed length control field 160429b xxu||||| |||| 00| 0 eng d
010 ## - LIBRARY OF CONGRESS CONTROL NUMBER
LC control number 941128
020 ## - INTERNATIONAL STANDARD BOOK NUMBER
International Standard Book Number 0538841362
040 ## - CATALOGING SOURCE
Transcribing agency n/a
050 ## - LIBRARY OF CONGRESS CALL NUMBER
Classification number HF5429
Item number .R478 1995
100 ## - MAIN ENTRY--PERSONAL NAME
Personal name Dunne,Patrick M
Dates associated with a name 1927-
245 ## - TITLE STATEMENT
Title Retailing
250 ## - EDITION STATEMENT
Edition statement 2nd ed
260 ## - PUBLICATION, DISTRIBUTION, ETC. (IMPRINT)
Place of publication, distribution, etc Cincinnati,Ohio
Name of publisher, distributor, etc South-Western college pub.
Date of publication, distribution, etc c1995
300 ## - PHYSICAL DESCRIPTION
Extent xxvii,546p
Other physical details ill,col
Dimensions 27cm
942 ## - ADDED ENTRY ELEMENTS (KOHA)
Source of classification or shelving scheme Library of Congress Classification
Koha item type Long Loan Books
Holdings
Withdrawn status Lost status Source of classification or shelving scheme Damaged status Not for loan Collection code Home library Current library Shelving location Date acquired Total Checkouts Full call number Barcode Date last seen Price effective from Koha item type
    Library of Congress Classification     Non-fiction Rongo University Library Rongo University Library General Stacks 29/04/2016   HF5429 .R478 1995 201611254 29/04/2016 29/04/2016 Long Loan Books

© 2026 Rongo University
Contact us: librarian | system librarian | Rongo university